Native American Languages on a Map - Statistics

General Stats
  • This quiz has been taken 1,236 times
  • The average score is 11 of 33
Answers on the Map
Answers color-coded by a green-red scale on the quiz's map according to % correct below.
 
Answer Stats
# of speakers Language % Correct
170,822 Navajo
97%
12,320 Cherokee
81%
18,804 Dakota
74%
5,580 Inupiaq
67%
14,012 Apache
58%
6,986 Ojibwe
49%
10,368 Choctaw
46%
6,776 Hopi
44%
1,236 Aleut
43%
1,423 Mohawk
43%
1,970 Siksika
42%
18,626 Yupik
40%
2,399 Cheyenne
37%
5,072 Muskogean
37%
3,962 Crow
34%
1,625 Ute
30%
2,512 Shoshoni
28%
1,353 Seneca
26%
1,233 Salish
25%
9,432 Zuni
24%
15,123 O'odham
22%
1,087 Arapaho
19%
1,638 Paiute
19%
1,141 Kickapoo
15%
1,274 Kiowa
15%
1,340 Winnebago
13%
13,073 Keres
10%
5,123 Tewa
8%
1,217 Gwich’in
7%
1,600 Southern Tiwa
6%
2,269 Tiwa
6%
2,192 Jemez
5%
1,654 Sahaptin
2%
No matching quizzes found
Score Distribution
Percent of People with Each Score
Percentile by Number Answered
Your Score History
You have not taken this quiz